000 00533nam a2200193Ia 4500
005 20250326141457.0
008 250326s9999 xx 000 0 und d
020 _a81-85442-163-9
037 _aTextbook
040 _aFMSL
_beng
_cFMSL
041 _aeng
_2eng
084 _aX72 N0
_qFMSL
100 _aSinghania V K
245 0 _aDeduction of tax at source : Advance tax and refunds
_cSinghania V K
260 _aDelhi
_bDelhi, Taxmann
_c1991
300 _a584p
942 _cTB
_hX72 N0
999 _c1290490
_d1290490